000 00493nam a22001697a 4500
999 _c40732
_d40732
003 OSt
005 20200606120137.0
008 191031b ||||| |||| 00| 0 eng d
020 _a 9788192116150
040 _cMESKC library
082 _a891.4309
_bAAP/C
100 _aAapre, Ramakanth
_955
245 _aChinthan Ke Ayam /
_cDr. Ramakanth Aapre
260 _aKanpur :
_bParag Prakashan,
_c2012
300 _a92p
942 _2ddc
_cBK
_h891.4309
_iAAP/C
_k891.4309
_mAAP/C